FAO Regional office for Asia and the Pacific : Publictations 1999 to 2002

Kaydedildi:
Detaylı Bibliyografya
Müşterek Yazar: FAO
Materyal Türü: Kitap
Dil:Undetermined
Baskı/Yayın Bilgisi: [Rome] FAO 2003
Konular:
Etiketler: Etiketle
Etiket eklenmemiş, İlk siz ekleyin!
Thư viện lưu trữ: Trung tâm Học liệu Trường Đại học Cần Thơ
LEADER 00497nam a2200193Ia 4500
001 CTU_63787
008 210402s9999 xx 000 0 und d
082 |a 634.92 
082 |b F218 
110 |a FAO 
245 0 |a FAO Regional office for Asia and the Pacific : 
245 0 |b Publictations 1999 to 2002 
245 0 |c FAO 
260 |a [Rome] 
260 |b FAO 
260 |c 2003 
650 |a Forests and forestry 
910 |i Năm 
980 |a Trung tâm Học liệu Trường Đại học Cần Thơ